000 00797nam a2200217Ia 4500
003 GCL
008 140319s9999 xx 000 0 ara d
040 _aGCL /
_cGCL
082 0 4 _a413
_bم م
100 1 _aمحمد العدنانى
245 1 0 _aمعجم الاغلاط اللغوية المعاصرة : يعالج الاغلاط اللغوية المعاصرة ويبين حلولها مع الشرح والامثلة /
_cمحمد العدنانى
260 _a[S.N] :
_bمكتبة لبنان ،
_c1989
300 _a870 ص
490 _a
650 0 4 _aاللغة العربية
650 0 4 _aالمعاجم
650 0 4 _aقواعد الاملاء والهجاء
650 0 4 _aالاخطاء اللغوية
650 0 4 _aاللغة العربية - المعاجم
942 _2ddc
_cBK
999 _c32256
_d32256